01124cam a2200253 a 450000500170000000800410001702000180005804000350007604100080011104400070011908200180012610000350014424501210017925000220030026001390032230000940046150400620055565000500061765000480066765000530071570000320076870000340080070000360083420160303161853.0120929s2009 ck abo r 000 0 spa d a9789588317496 aCO-BoPUJcCO-BoIAVHdCO-BoIAVH0 aspa ack04a363.192bP34a1 aPeña-Venegas, Clara Patricia00aSeguridad alimentaria en comunidades indígenas del Amazonasbayer y hoycClara Patricia Peña-Venegas [y otros 3] aPrimera edición aBogotá :bInstituto Amazónico de Investigaciones Científicas :bMinisterio de Ambiente, Vivienda y Desarrollo Terriorial,c2009. a146 páginas :bilustraciones, mapas, cuadros y fotos a color ; c23 x 17 centímetros aIncluye referencias bibliográficas (páginas 143-146).14aIndígenasxNutriciónzAmazonas (Colombia)24aHábitos alimenticioszAmazonas (Colombia)24aIndígenas del AmazonasxAspectos nutricionales1 aMazorra Valderrama, Augusto1 aAcosta-Muñoz, Luis Eduardo.1 aPérez Rúa, Mónica Natalia